জীবেনর যুদ্ধ : (Record no. 102647)
[ view plain ]
| 000 -LEADER | |
|---|---|
| fixed length control field | 00748nam a22001937a 4500 |
| 003 - CONTROL NUMBER IDENTIFIER | |
| control field | BD-DhUL |
| 005 - DATE AND TIME OF LATEST TRANSACTION | |
| control field | 20160829195627.0 |
| 008 - FIXED-LENGTH DATA ELEMENTS--GENERAL INFORMATION | |
| fixed length control field | 160829s1993 b ||||| |||| 00| 0 eng d |
| 020 ## - INTERNATIONAL STANDARD BOOK NUMBER | |
| International Standard Book Number | 9844650232 |
| 040 ## - CATALOGING SOURCE | |
| Transcribing agency | BD-DhUL |
| Modifying agency | BD-DhUL |
| 082 ## - DEWEY DECIMAL CLASSIFICATION NUMBER | |
| Classification number | 920.05492 |
| Item number | KHJ |
| 100 ## - MAIN ENTRY--PERSONAL NAME | |
| Personal name | খান, এস. আই. এম. নূরুন্নবী |
| 245 10 - TITLE STATEMENT | |
| Title | জীবেনর যুদ্ধ : |
| Statement of responsibility, etc. | এস. আই. এম. নূরুন্নবী খান |
| Remainder of title | যুদ্ধের জীবন / |
| 260 ## - PUBLICATION, DISTRIBUTION, ETC. (IMPRINT) | |
| Place of publication, distribution, etc. | ঢাকা : |
| Name of publisher, distributor, etc. | সাহিত্য প্রকাশ, |
| Date of publication, distribution, etc. | ১৯৯৩. |
| 300 ## - PHYSICAL DESCRIPTION | |
| Extent | ১৮১ পৃ. : |
| Other physical details | ২২ সে.মি. |
| Dimensions | চিত্র ; |
| 650 ## - SUBJECT ADDED ENTRY--TOPICAL TERM | |
| Topical term or geographic name as entry element | স্মৃতিচার |
| 650 ## - SUBJECT ADDED ENTRY--TOPICAL TERM | |
| Topical term or geographic name as entry element | Smrticara |
| 942 ## - ADDED ENTRY ELEMENTS (KOHA) | |
| Source of classification or shelving scheme | |
| Koha item type | Books |
| Price effective from | Date last seen | Permanent Location | Not for loan | Date acquired | Source of classification or shelving scheme | Koha item type | Lost status | Withdrawn status | Copy number | Source of acquisition | Collection code | Damaged status | Shelving location | Barcode | Current Location | Full call number |
|---|---|---|---|---|---|---|---|---|---|---|---|---|---|---|---|---|
| 2016-08-29 | 2016-08-29 | Dhaka University Library | 2016-08-29 | Books | 2 | purchased | Non Fiction | General Stacks | 343011 | Dhaka University Library | 920.05492 KHJ | |||||
| 2016-08-29 | 2016-08-29 | Dhaka University Library | 2016-08-29 | Books | 1 | purchased | Non Fiction | General Stacks | 343010 | Dhaka University Library | 920.05492 KHJ | |||||
| 2016-08-29 | 2016-08-29 | Dhaka University Library | 2016-08-29 | Books | 3 | purchased | Non Fiction | General Stacks | 358214 | Dhaka University Library | 920.05492 KHJ |
